|
|
|
|
| LEADER |
00000cam a2200000 a 4500 |
| 001 |
vtls009846159 |
| 003 |
SK-MaSNL |
| 005 |
20260301130537.0 |
| 008 |
240318s2009 xo k f 000 0 slo |
| 015 |
|
|
|a SNBA2009/12-06028
|
| 020 |
|
|
|a 9788080578039
|q (viaz.)
|
| 035 |
|
|
|a (SVKBBclas03)vtls000313480
|
| 035 |
|
|
|a urn:nbn:sk:snk-amk6k8
|
| 035 |
|
|
|a urn:nbn:sk:snk-am008cs7
|
| 035 |
|
|
|a 166D85B6-8649-450E-9B26-76B2A26B52E2
|
| 040 |
|
|
|a SNK
|b slo
|c SNK
|e AACR2
|
| 041 |
0 |
|
|a slo
|
| 044 |
|
|
|a xo
|c SK
|
| 072 |
|
7 |
|a 657
|x Účtovníctvo
|2 konspekt
|
| 080 |
|
|
|a 336.743(4)
|2 2001
|
| 080 |
|
|
|a 657.12
|2 2001
|
| 080 |
|
|
|a (035)
|2 2001
|
| 100 |
1 |
|
|a Šostroneková, Marta,
|d 1941-
|4 aut
|9 39573
|
| 245 |
1 |
0 |
|a Podvojné účtovníctvo podnikateľa po prechode na euro
|c Marta Šostroneková, Jana Kajanová
|
| 260 |
|
|
|a Bratislava
|b Epos
|c 2009
|
| 300 |
|
|
|a 447 s.
|b tab.
|c 21 cm
|
| 504 |
|
|
|a Bibliogr. s. 244-445
|
| 650 |
0 |
7 |
|a podvojné účtovníctvo
|2 SNKPH
|9 653
|
| 650 |
0 |
7 |
|a euro
|2 SNKPH
|9 63503
|
| 650 |
0 |
7 |
|a zavedenie eura
|2 SNKPH
|9 118936
|
| 655 |
|
7 |
|a príručky
|2 SNKPH
|9 74364
|
| 700 |
1 |
|
|a Kajanová, Jana,
|d 1974-
|4 aut
|9 197283
|
| 919 |
|
|
|a 978-80-8057-803-9
|
| 958 |
|
|
|a NB
|
| 968 |
|
|
|d 65
|
| 999 |
|
|
|c 745331
|d 747261
|
| 952 |
|
|
|a SNK
|b SNK
|y PREZ
|7 0
|p 17A0632454
|o snkSC 137264
|i snk2009/17053
|8 0
|0 0
|1 0
|4 0
|d 2009-09-23
|l 0
|r 2025-07-03 00:00:00
|w 2026-02-23
|
| 952 |
|
|
|a SNK
|b SNK
|y VYP
|7 0
|p 17A0632453
|o snkSC 137264 D1
|i snk2009/17054
|8 0
|z Digitalizovaný
|0 0
|1 0
|4 0
|d 2009-09-23
|f 1
|l 0
|r 2026-02-23 23:14:10
|w 2026-02-23
|